[Event "Kupreichik Memorial Rapid 2019"]
[Site "Minsk"]
[Date "2019.08.15"]
[Round "1.1"]
[White "Safarli, Eltaj"]
[Black "Oblamski, Vladimir"]
[Result "1-0"]
[WhiteElo "2593"]
[BlackElo "2088"]
[Annotator "ChessBase"]
[PlyCount "41"]
[EventDate "2019.08.15"]
[EventType "swiss"]
[EventCountry "BLR"]
[SourceTitle "playchess.com"]
[Source "ChessBase"]
[SourceQuality "1"]
[TimeControl "900+10"]

1. e4 {[%emt 0:00:00]} d5 {[%emt 0:00:00]} 2. exd5 {[%emt 0:00:00]} Qxd5 {[%emt 0:00:00]} 3. Nc3 {[%emt 0:00:00]} Qa5 {[%emt 0:00:00]} 4. g3 {[%emt 0:00:01]} Nf6 {[%emt 0:00:06]} 5. Bg2 {[%emt 0:00:03]} e5 {[%emt 0:00:23]} 6. Nge2 {[%emt 0:00:09]} Nc6 {[%emt 0:00:49]} 7. O-O {[%emt 0:00:07]} Be7 {[%emt 0:01:52]} 8. a3 {[%emt 0:00:47]} O-O {[%emt 0:00:11]} 9. Rb1 {[%emt 0:00:14]} Qc5 {[%emt 0:01:27]} 10. d3 {[%emt 0:00:31]} a6 {[%emt 0:01:29]} 11. h3 {[%emt 0:02:56]} h6 {[%emt 0:01:36]} 12. g4 {[%emt 0:00:17]} Be6 {[%emt 0:00:44]} 13. Be3 {[%emt 0:00:20]} Qd6 {[%emt 0:00:29]} 14. f4 {[%emt 0:00:42]} Nd5 {[%emt 0:01:21]} 15. Nxd5 {[%emt 0:00:28]} Bxd5 {[%emt 0:00:02]} 16. Bxd5 {[%emt 0:00:09]} Qxd5 {[%emt 0:00:01]} 17. Nc3 {[%emt 0:00:04]} Qd7 {[%emt 0:01:59]} 18. f5 {[%emt 0:00:04]} f6 {[%emt 0:00:31]} 19. Qf3 {[%emt 0:00:13]} Nd4 {[%emt 0:00:29]} 20. Qxb7 {[%emt 0:01:14]} Nxc2 {[%emt 0:00:42]} 21. Qb3+ {[%emt 0:00:04]} 1-0

[Event "Kupreichik Memorial Rapid 2019"]
[Site "Minsk"]
[Date "2019.08.15"]
[Round "1.2"]
[White "Uzlavataya, Anhelina"]
[Black "Zhigalko, Sergei"]
[Result "0-1"]
[WhiteElo "2051"]
[BlackElo "2574"]
[Annotator "TA"]
[PlyCount "54"]
[EventDate "2019.08.15"]
[EventType "swiss"]
[EventCountry "BLR"]
[SourceTitle "playchess.com"]
[Source "ChessBase"]
[SourceQuality "1"]

{[%evp 16,54,16,0,0,0,0,-8,0,-21,21,0,-8,-28,-32,-75,-76,-77,-71,-88,-80,-378,-384,-329,-189,-505,-390,-390,-191,-485,-479,-467,-468,-489,-501,-660,-653,-629,-520,-899,-891]} 1. Nf3 d5 2. g3 c6 3. Bg2 Bg4 4. O-O e6 5. d3 Bd6 6. b3 Ne7 7. Bb2 O-O 8. e4 Nd7 9. Nbd2 a5 {A07: Réti Opening: New York and Capablanca Systems} 10. a4 Re8 (10... Be5 11. d4 Bd6 12. Re1 b5 13. Qc1 bxa4 14. Rxa4 Nb6 15. Ra1 Bxf3 16. Nxf3 a4 17. Ne5 {1-0 (49) Pantsulaia,L (2605)-Quesada Perez,Y (2627) chess.com INT 2018}) 11. h3 Bh5 $1 {The position is equal.} 12. Qe1 c5 $146 ({Predecessor:} 12... e5 13. Nh4 f6 {0-1 (42) Adu,O (2237)-Gulamali,K (2344) Arlington 2010}) 13. e5 Bc7 14. g4 Bg6 15. Nh4 Nc6 16. f4 {[#]} Nb4 $1 {[%cal Rb4c2]} 17. Qg3 (17. Nxg6 $2 Nxc2 18. Qg3 Nxa1 $19) 17... Nxc2 18. f5 $2 {[%mdl 8192]} (18. Rac1 $17 {might work better.} Nb4 19. Nxg6 (19. f5 Nxe5 20. Bxe5 Bxe5 $17) 19... hxg6 20. h4) 18... exf5 $19 (18... Nxa1 19. fxg6 hxg6 20. Bxa1 $17) 19. gxf5 Bh5 ({Wrong is} 19... Nxa1 $2 20. fxg6 hxg6 {[#]} 21. Rxf7 $1 $18 {[%mdl 512]}) ({Weaker is} 19... Bxe5 20. Bxe5 Nxe5 21. fxg6 $15) (19... Nxe5 $142 20. fxg6 Nxg6) 20. Ndf3 $2 ({Not} 20. Rac1 $2 Nxe5 21. Rxc2 Ng6 $19) (20. f6 {was the crucial defense.} Nxf6 21. Rac1) 20... d4 21. f6 Qxf6 (21... g6 $142 22. Qf4 Bxe5 23. Nxe5 Rxe5 24. Bxb7 Nxa1 25. Bxa8 Qxa8) 22. exf6 $2 (22. Qf2 Bxe5 23. Qxc2) 22... Bxg3 {Black is clearly winning.} 23. Nf5 Nxa1 24. Rxa1 Bf4 25. Nxg7 Bxf3 26. Bxf3 Re5 27. Kf2 (27. Nh5 $142 Be3+ 28. Kg2) 27... Nxf6 {Accuracy: White = 19%, Black = 57%.} 0-1

[Event "Kupreichik Memorial Rapid 2019"]
[Site "Minsk"]
[Date "2019.08.15"]
[Round "1.3"]
[White "Tiviakov, Sergei"]
[Black "Shaban, Alena"]
[Result "1-0"]
[WhiteElo "2611"]
[BlackElo "2030"]
[Annotator "TA"]
[PlyCount "71"]
[EventDate "2019.08.15"]
[EventType "swiss"]
[EventCountry "BLR"]
[SourceTitle "playchess.com"]
[Source "ChessBase"]
[SourceQuality "1"]

{[%evp 16,71,51,53,54,31,38,35,31,41,100,12,13,10,27,21,27,20,45,52,60,43,30,0,39,25,65,65,280,111,574,429,422,425,420,331,414,322,458,418,428,240,239,45,45,52,53,38,38,43,52,39,142,143,712,690,1474,1414]} 1. e4 Nf6 2. e5 Nd5 3. d4 d6 4. Nf3 g6 5. Bc4 Nb6 6. Bb3 Bg7 7. Qe2 O-O 8. h3 Nc6 9. O-O Bf5 {B04: Alekhine's Defence: 4 Nf3} 10. Nc3 Na5 11. Bf4 a6 $146 {White is slightly better.} ({Predecessor:} 11... d5 12. Nd1 Qd7 13. Ne3 c6 14. Rfe1 Rae8 15. c3 Nxb3 16. axb3 a6 17. Nxf5 Qxf5 18. Qd2 {1-0 (53) Zhigalko,S (2675)-Sivuk,V (2517) Jerusalem 2015}) 12. Rad1 h6 (12... Nxb3 $14 13. axb3 f6) 13. Rfe1 (13. Nh4 $16 Qd7 14. Bg3 (14. Nxf5 Qxf5 15. Bg3 Nxb3 $14)) 13... g5 $11 14. Bg3 Nxb3 15. axb3 Bg6 16. d5 f5 17. exf6 exf6 18. Nd4 $1 $36 {[%mdl 2048] White is more active.} Re8 19. Qf3 Qd7 20. Re6 Bf7 21. Rde1 c5 $2 (21... f5 $14 22. Rxe8+ Rxe8 23. Rxe8+ Qxe8 24. Nxf5 Bf8) 22. dxc6 $2 (22. Nf5 $18 {is the precise move to win.} Bf8 23. Ne4 Nxd5 24. Rxe8 Rxe8 25. Rd1 (25. c4 Bg6 $16)) 22... Rxe6 $4 {[%mdl 8192]} (22... bxc6 $16 23. Rxe8+ Rxe8 24. Rxe8+ Bxe8) 23. Rxe6 bxc6 24. Rxd6 {[%mdl 64] [#] Double Attack} Qe8 25. Rxc6 Nd7 {and if ...Qe1+ works, Black does fine.} 26. Nf5 Ne5 (26... Qe1+ {keeps fighting.} 27. Kh2 Ne5 28. Bxe5 Qxe5+ 29. g3 Be8 30. Rxf6 Qxf6) 27. Bxe5 $18 Qxe5 {[#]} 28. Nxg7 (28. Nxh6+ $142 $1 {[%mdl 512]} Bxh6 29. Rxf6 {[%mdl 64] Double Attack}) 28... Kxg7 29. Rxf6 $2 (29. g4 $18) 29... Qe1+ $14 30. Kh2 Qe5+ 31. g3 Qxf6 32. Qxa8 {Strongly threatening Ne4.} Qxf2+ 33. Qg2 Qf5 (33... Qxg2+ $1 $14 34. Kxg2 Bg6) 34. Nd1 $16 Bd5 $2 {[%mdl 8192]} (34... Be6 $16 35. Ne3 Qe5) 35. Ne3 $1 $18 {[%csl LRd5,LRf5]} Bxg2 36. Nxf5+ {Accuracy: White = 37%, Black = 28%.} 1-0

[Event "Kupreichik Memorial Rapid 2019"]
[Site "Minsk"]
[Date "2019.08.15"]
[Round "1.4"]
[White "Tyurin, Artem"]
[Black "Paravyan, David"]
[Result "0-1"]
[WhiteElo "2057"]
[BlackElo "2605"]
[Annotator "TA"]
[PlyCount "88"]
[EventDate "2019.08.15"]
[EventType "swiss"]
[EventCountry "BLR"]
[SourceTitle "playchess.com"]
[Source "ChessBase"]
[SourceQuality "1"]

{[%evp 9,96,-18,0,0,5,-11,-17,-19,16,-11,-4,-26,-2,-19,-37,-63,-46,-50,-6,-31,-12,-8,-18,-42,-22,-50,-39,-56,-44,-91,-76,-98,-89,-99,-108,-131,-120,-220,-211,-230,-145,-187,-150,-326,-155,-529,-512,-529,-527,-515,-506,-562,-535,-746,-718,-753,-741,-729,-732,-840,-735,-660,-481,-632,-413,-414,-380,-395,-382,-595,-626,-624,-629,-623,-610,-658,-658,-646,-618,-906,-893,-810,-685,-616,-603,-1004,-877,-1117,-1139]} 1. c4 Nf6 2. Nc3 e5 3. g3 Bb4 4. e4 O-O 5. Nge2 b5 $146 ({Predecessor:} 5... c6 6. Bg2 a6 7. O-O b5 8. d4 d6 9. a3 Bxc3 10. Nxc3 bxc4 11. dxe5 dxe5 12. Na4 Be6 13. Qxd8 Rxd8 14. Be3 {1-0 (55) Carlsen,M (2835)-Caruana,F (2832) London 2018}) 6. cxb5 {A22: English Opening: 1...e5 2 Nc3 Nf6} a6 7. Bg2 axb5 8. O-O {The position is equal.} Bb7 9. d3 c6 10. Bd2 Re8 11. h3 Bc5 12. Rc1 Bb6 13. b4 Ra3 (13... Na6 $5 {[%cal Ra6b4]} 14. Qb3 Qe7 $15) 14. Qc2 d6 15. Qb2 Ra8 16. Kh2 Nbd7 17. f4 Nf8 18. f5 h6 19. g4 N8h7 20. Ng3 Qd7 21. Nce2 d5 22. Bc3 Qe7 {White must now prevent ...Nxg4+!} 23. d4 {[#]} (23. Bd2 $17) 23... exd4 $1 $19 24. Bxd4 Bc7 {[%cal Rf6e4]} 25. Nf4 dxe4 {aiming for ...Nxg4+!} 26. Rce1 $2 {[#]} (26. Kh1 $17) 26... Ng5 (26... Nxg4+ $1 $19 {[%mdl 512] is more deadly.} 27. Kh1 (27. hxg4 Qh4+) 27... Qh4) 27. h4 $2 (27. Bxf6 $17 {is a better chance.} gxf6 28. Kh1) 27... Nxg4+ 28. Kg1 Nh7 29. f6 Nhxf6 30. Nf5 Qd8 31. Nxg7 {[#]} Rxa2 $1 {[%mdl 512]} 32. Bxf6 (32. Qxa2 Qxd4+) 32... Rxb2 33. Bxd8 Rxd8 34. Nf5 Bb6+ 35. Kh1 Kh7 36. Ng3 Bf2 37. Bxe4+ Kh8 38. Re2 Rxb4 ({Not} 38... Bxg3 39. Rxb2 Ne3 40. Rg1 $19) 39. Rexf2 (39. Nfh5 $142 Rxe4 40. Nxe4) 39... Nxf2+ {Black is clearly winning.} 40. Rxf2 {[#]} Rxe4 $1 {[%mdl 512]} 41. Nxe4 c5 $1 42. Kh2 Bxe4 {[%mdl 4096] Endgame KRB-KRN} 43. Re2 Rd4 44. Nh5 c4 {Played: Be4-g6} 0-1

[Event "Kupreichik Memorial Rapid 2019"]
[Site "Minsk"]
[Date "2019.08.15"]
[Round "1.5"]
[White "Aleksandrov, Aleksej"]
[Black "Khrapko, Marharyta"]
[Result "1-0"]
[WhiteElo "2571"]
[BlackElo "2073"]
[Annotator "ChessBase"]
[PlyCount "55"]
[EventDate "2019.08.15"]
[EventType "swiss"]
[EventCountry "BLR"]
[SourceTitle "playchess.com"]
[Source "ChessBase"]
[SourceQuality "1"]
[TimeControl "900+10"]

1. d4 {[%emt 0:00:00]} e6 {[%emt 0:00:00]} 2. c4 {[%emt 0:00:00]} Nf6 {[%emt 0:00:00]} 3. Nc3 {[%emt 0:00:00]} Bb4 {[%emt 0:00:00]} 4. e3 {[%emt 0:00:00]} O-O {[%emt 0:00:02]} 5. Bd3 {[%emt 0:00:00]} d5 {[%emt 0:00:04]} 6. cxd5 {[%emt 0:00:06]} exd5 {[%emt 0:00:15]} 7. Nge2 {[%emt 0:00:01]} c5 {[%emt 0:00:51]} 8. a3 {[%emt 0:00:03]} Ba5 {[%emt 0:00:37]} 9. dxc5 {[%emt 0:00:06]} Bxc3+ {[%emt 0:00:03]} 10. Nxc3 {[%emt 0:00:02]} a5 {[%emt 0:00:21]} 11. Rb1 {[%emt 0:00:17]} Bg4 {[%emt 0:00:27]} 12. f3 {[%emt 0:00:16]} Be6 {[%emt 0:00:25]} 13. b4 {[%emt 0:00:07]} Nc6 {[%emt 0:00:24]} 14. Ne2 {[%emt 0:00:27]} Re8 {[%emt 0:01:28]} 15. O-O {[%emt 0:00:03]} d4 {[%emt 0:01:02]} 16. e4 {[%emt 0:00:07]} axb4 {[%emt 0:00:47]} 17. axb4 {[%emt 0:00:01]} Ba2 {[%emt 0:00:07]} 18. Rb2 {[%emt 0:00:02]} Ne5 {[%emt 0:00:04]} 19. Bf4 {[%emt 0:00:57]} Nfd7 {[%emt 0:04:19]} 20. Rd2 {[%emt 0:01:07]} b6 {[%emt 0:00:42]} 21. Bxe5 {[%emt 0:00:17]} Rxe5 {[%emt 0:01:40]} 22. Nxd4 {[%emt 0:00:05]} bxc5 {[%emt 0:01:41]} 23. Nc6 {[%emt 0:00:07]} Qb6 {[%emt 0:00:01]} 24. Nxe5 {[%emt 0:00:06]} c4+ {[%emt 0:00:02]} 25. Kh1 {[%emt 0:00:09]} Nxe5 {[%emt 0:00:01]} 26. Bc2 {[%emt 0:00:25]} h5 {[%emt 0:00:28]} 27. Rd5 {[%emt 0:00:16]} f6 {[%emt 0:00:47]} 28. Rxe5 {[%emt 0:00:05]} 1-0

[Event "Kupreichik Memorial Rapid 2019"]
[Site "Minsk"]
[Date "2019.08.15"]
[Round "1.6"]
[White "Spizharny, Mikhail"]
[Black "Sychev, Klementy"]
[Result "0-1"]
[WhiteElo "2079"]
[BlackElo "2579"]
[Annotator "ChessBase"]
[PlyCount "60"]
[EventDate "2019.08.15"]
[EventType "swiss"]
[EventCountry "BLR"]
[SourceTitle "playchess.com"]
[Source "ChessBase"]
[SourceQuality "1"]
[TimeControl "900+10"]

1. e4 {[%emt 0:00:00]} c5 {[%emt 0:00:00]} 2. Nf3 {[%emt 0:00:00]} e6 {[%emt 0:00:00]} 3. b3 {[%emt 0:00:00]} a6 {[%emt 0:00:14]} 4. Bb2 {[%emt 0:00:04]} Nc6 {[%emt 0:00:01]} 5. a3 {[%emt 0:00:45]} Qc7 {[%emt 0:00:57]} 6. Bd3 {[%emt 0:00:09]} Nf6 {[%emt 0:00:12]} 7. O-O {[%emt 0:00:56]} Bd6 {[%emt 0:02:10]} 8. c3 {[%emt 0:01:39]} b5 {[%emt 0:00:33]} 9. Qe2 {[%emt 0:01:29]} Bb7 {[%emt 0:00:34]} 10. Bc2 {[%emt 0:01:07]} Ne5 {[%emt 0:01:03]} 11. Nxe5 {[%emt 0:00:35]} Bxe5 {[%emt 0:00:02]} 12. g3 {[%emt 0:01:38]} c4 {[%emt 0:00:11]} 13. d4 {[%emt 0:01:04]} cxd3 {[%emt 0:00:03]} 14. Bxd3 {[%emt 0:00:01]} O-O {[%emt 0:00:32]} 15. Nd2 {[%emt 0:00:32]} d5 {[%emt 0:00:14]} 16. Rac1 {[%emt 0:02:52]} Rfd8 {[%emt 0:00:22]} 17. exd5 {[%emt 0:00:50]} Rxd5 {[%emt 0:01:41]} 18. Nf3 {[%emt 0:00:57]} Qc6 {[%emt 0:01:12]} 19. Rfd1 {[%emt 0:01:30]} Rad8 {[%emt 0:01:30]} 20. Bc2 {[%emt 0:00:48]} Rxd1+ {[%emt 0:00:52]} 21. Bxd1 {[%emt 0:00:33]} h5 {[%emt 0:01:43]} 22. Qxe5 {[%emt 0:00:37]} Rxd1+ {[%emt 0:00:07]} 23. Rxd1 {[%emt 0:00:02]} Qxf3 {[%emt 0:00:03]} 24. Rd8+ {[%emt 0:00:09]} Kh7 {[%emt 0:00:03]} 25. Kf1 {[%emt 0:00:03]} Qh1+ {[%emt 0:00:29]} 26. Ke2 {[%emt 0:00:01]} Bf3+ {[%emt 0:00:03]} 27. Kd2 {[%emt 0:00:35]} Qd1+ {[%emt 0:00:04]} 28. Ke3 {[%emt 0:00:02]} Qe2+ {[%emt 0:00:35]} 29. Kf4 {[%emt 0:00:31]} g5+ {[%emt 0:00:09]} 30. Qxg5 {[%emt 0:00:15]} Qe4# {[%emt 0:00:02]} 0-1

[Event "Kupreichik Memorial Rapid 2019"]
[Site "Minsk"]
[Date "2019.08.15"]
[Round "1.7"]
[White "Vaganian, Rafael A"]
[Black "Rataika, Mikalai"]
[Result "1-0"]
[WhiteElo "2514"]
[BlackElo "1920"]
[Annotator "TA"]
[PlyCount "55"]
[EventDate "2019.08.15"]
[EventType "swiss"]
[EventCountry "BLR"]
[SourceTitle "playchess.com"]
[Source "ChessBase"]
[SourceQuality "1"]

{[%evp 9,54,6,9,0,4,0,53,42,60,57,53,55,50,42,114,64,107,50,195,200,185,196,221,149,227,230,286,291,293,295,284,257,392,391,479,373,409,368,344,359,375,341,705,720,29998,29999,29999]} 1. d4 Nf6 2. Bg5 g6 3. Bxf6 exf6 4. e3 Bg7 5. h4 d5 (5... h5 6. Ne2 d5 7. c4 dxc4 8. Nf4 c5 9. d5 f5 10. Nc3 b5 11. d6 O-O 12. Be2 b4 13. Nb5 {1-0 (24) Nakamura,H (2640)-Ginsburg,G (2506) playchess.com INT 2006}) 6. c4 {A45: Trompowsky Attack} dxc4 7. Bxc4 a6 $146 (7... c5 $11) ({Predecessor:} 7... c6 8. h5 Be6 9. Bxe6 fxe6 10. hxg6 hxg6 11. Rxh8+ Bxh8 12. Ne2 Kf7 13. Nf4 f5 14. Qb3 {1-0 (24) Bellon Lopez,J (2313)-Andersen,O (2067) Lidkoping 2017}) 8. Nc3 {White is slightly better.} b5 9. Bd5 c6 10. Bb3 Nd7 11. h5 Nb6 (11... f5 $14) 12. Nge2 Bg4 13. f3 (13. Qd3 $16 Qe7 14. f3) 13... Bxh5 (13... Bd7 $14) 14. g4 $18 Bxg4 15. fxg4 Qe7 16. Qd3 {Hoping for Qe4.} a5 (16... O-O $16 17. Kf2 Rfe8) 17. a4 b4 18. Ne4 O-O 19. O-O-O Rfe8 20. N2g3 Nd7 (20... Nd5 {is a better defense.} 21. Rdf1 Rad8) 21. Kb1 c5 22. Rc1 Red8 23. Qc4 cxd4 24. exd4 Nf8 25. Rhe1 {Strongly threatening Ng5!} Qd7 $2 {[#]} (25... Qa7 26. Red1 Bh6 27. Nxf6+ Kh8) 26. Nd6 $1 {[%mdl 576] Deflection, Back Rank} Qxd6 27. Qxf7+ Kh8 28. Qg8# {Accuracy: White = 69%, Black = 22%.} 1-0

[Event "Kupreichik Memorial Rapid 2019"]
[Site "Minsk"]
[Date "2019.08.15"]
[Round "1.8"]
[White "Talma, Sergei"]
[Black "Teterev, Vitaly"]
[Result "0-1"]
[WhiteElo "1882"]
[BlackElo "2474"]
[Annotator "TA"]
[PlyCount "90"]
[EventDate "2019.08.15"]
[EventType "swiss"]
[EventCountry "BLR"]
[SourceTitle "playchess.com"]
[Source "ChessBase"]
[SourceQuality "1"]

{[%evp 9,90,-13,-11,-13,19,0,7,-22,0,-7,0,-20,-1,0,0,0,0,-18,-4,-8,0,-26,-25,-21,-17,-24,-30,-42,-43,-42,-25,-38,-12,-30,0,-40,-21,-26,-10,-53,-60,-58,-54,-55,-48,-145,-137,-142,-131,-256,-268,-359,-363,-635,-648,-828,-475,-800,-604,-648,-603,-572,-581,-577,-568,-560,-516,-531,-512,-526,-524,-513,-495,-530,-528,-696,-683,-1139,-1132,-6034,-6018,-6018,-5889]} 1. d4 Nf6 2. Nc3 d5 3. Bf4 e6 4. Nb5 Na6 5. e3 c6 (5... Be7 6. Nf3 O-O 7. Bd3 c6 8. Nc3 Nb4 9. h3 Nxd3+ 10. cxd3 b6 11. O-O Bb7 {0-1 (40) Rapport,R (2731)-Giri,A (2783) Wijk aan Zee 2019}) 6. Nc3 {D00: 1 d4 d5: Unusual lines} Nb8 7. Bd3 Bb4 8. Nge2 $146 {The position is equal.} ({Predecessor:} 8. Qd2 O-O 9. a3 Qa5 10. Nge2 Nbd7 11. O-O c5 12. axb4 Qxb4 13. b3 Nh5 14. Bc7 cxd4 15. exd4 {1-0 (32) Piacentile,C (1200)-Ramazzotti,C (725) LSS email 2012}) 8... O-O 9. a3 Be7 10. h3 c5 11. dxc5 Bxc5 12. O-O Nc6 13. Nd4 Re8 14. Nb3 Bf8 15. e4 d4 16. Ne2 e5 17. Bg5 h6 18. Bxf6 Qxf6 19. f4 Bd6 {[%cal Re5f4]} 20. f5 Qg5 21. Rf3 Bd7 22. Rg3 Qd8 23. Qd2 {[#] Strongly threatening Qxh6.} Kh7 24. Rf1 Be7 25. Bc4 Rf8 26. Qd3 Rc8 27. Qf3 (27. c3 $15) 27... Nb8 $17 {[%cal Bc6b8,Bb8d7,Bd7e5,Be5c4][%mdl 32]} 28. Qg4 {[%csl Gg3][%cal Rg4g7]} Bf6 29. Bd5 (29. Nd2 $17 {is a better defense.}) 29... Rxc2 $19 30. Qh5 Be8 31. Nexd4 $2 (31. Rb1) 31... exd4 {Black is clearly winning.} 32. e5 Nd7 33. e6 (33. exf6 $142 Nxf6 {[%mdl 64] Double Attack, Discovered Attack} 34. Qd1) 33... fxe6 34. Qd1 exd5 35. Qxc2 Qb6 {aiming for ...d3+.} 36. Kh1 Ne5 37. Qc5 Qxc5 38. Nxc5 b6 39. Ne6 Rf7 40. Nxd4 Nc4 41. Ne6 Bxb2 42. Rd1 Rxf5 43. Nc7 Be5 {[%mdl 64] [#] Double Attack} 44. Rxd5 Rf1+ 45. Kh2 Bxc7 {Accuracy: White = 32%, Black = 66%.} 0-1

[Event "Kupreichik Memorial Rapid 2019"]
[Site "Minsk"]
[Date "2019.08.15"]
[Round "1.9"]
[White "Dydyshko, Viacheslav"]
[Black "Masjuk, Vladimir"]
[Result "1-0"]
[WhiteElo "2506"]
[BlackElo "1900"]
[Annotator "TA"]
[PlyCount "63"]
[EventDate "2019.08.15"]
[EventType "swiss"]
[EventCountry "BLR"]
[SourceTitle "playchess.com"]
[Source "ChessBase"]
[SourceQuality "1"]

{[%evp 12,63,61,54,96,96,93,63,94,35,32,22,66,41,62,50,77,46,89,58,124,119,130,120,258,266,319,322,322,328,527,540,843,864,975,778,877,875,1039,844,1531,830,1341,916,2001,1949,29990,29991,29993,29994,29994,29995,29995,29993]} 1. d4 d6 2. Nf3 Bf5 3. g3 Nf6 4. Bg2 c6 5. c4 Nbd7 6. O-O e5 7. Nc3 Be7 {A53: Old Indian Defence without Nf3} 8. Nh4 Bg6 9. e4 O-O {White is slightly better.} 10. Nf5 $146 (10. d5 $16) ({Predecessor:} 10. Be3 Re8 11. h3 exd4 12. Qxd4 d5 13. Nxg6 hxg6 14. cxd5 {1-0 (37) Aleksandrov,A (2613)-Shtembuliak,E (2402) Minsk 2015}) 10... Bxf5 $14 11. exf5 Qc7 12. Re1 Rad8 13. Be3 Rfe8 14. h3 a6 15. Rc1 Bf8 (15... exd4 $14 16. Bxd4 (16. Qxd4 Qa5 $16) 16... h6) 16. d5 $16 h6 17. g4 c5 {[#]} (17... cxd5 $16 18. Nxd5 Nxd5 19. Qxd5 Nc5) 18. h4 $1 $18 Qc8 19. g5 Nh7 20. Ne4 Nb6 $2 (20... Qc7 {keeps fighting.} 21. Qg4 Rc8) 21. Bh3 hxg5 22. hxg5 g6 23. Qf3 Qc7 24. f6 Nd7 25. Kg2 b5 26. b3 bxc4 27. bxc4 Rb8 28. Rh1 Rb4 29. Bg4 {White mates.} Bg7 30. Rxh7 {[%mdl 64] [#] Clearance} Kxh7 31. Qh3+ Kg8 32. Bxd7 {Accuracy: White = 60%, Black = 12%.} 1-0

[Event "Kupreichik Memorial Rapid 2019"]
[Site "Minsk"]
[Date "2019.08.15"]
[Round "1.10"]
[White "Dvurechensky, Viacheslav"]
[Black "Sveshnikov, Evgeny"]
[Result "0-1"]
[WhiteElo "1840"]
[BlackElo "2483"]
[Annotator "TA"]
[PlyCount "66"]
[EventDate "2019.08.15"]
[EventType "swiss"]
[EventCountry "BLR"]
[SourceTitle "playchess.com"]
[Source "ChessBase"]
[SourceQuality "1"]

{[%evp 9,66,11,15,22,43,-2,-4,-4,0,-4,-7,-10,-12,-24,-31,-29,-29,-20,-18,-29,-25,-51,-54,-50,-66,-62,-23,-70,0,-18,0,0,0,0,0,-126,-124,-136,-67,-152,-158,-226,-223,-544,-535,-814,-806,-778,-758,-703,-480,-471,-475,-611,-610,-591,-552,-544,-548]} 1. d4 d5 2. a3 Nf6 3. Nf3 Bg4 (3... e6 4. Bf4 Bd6 5. e3 b6 6. Bb5+ c6 7. Bd3 Bxf4 8. exf4 Ba6 9. Bxa6 Nxa6 10. Qe2 Nc7 {½-½ (41) Paravyan,D (2634)-Cheparinov,I (2709) St Petersburg 2018}) 4. Ne5 Bf5 5. Bf4 Nbd7 $146 ({Predecessor:} 5... e6 6. h4 c5 7. e4 Bxe4 8. Bb5+ Nbd7 9. Nc3 a6 10. Nxd7 Nxd7 11. Bxd7+ Qxd7 {1-0 (35) Grassmann,I (1358)-Razo,R (1336) LSS email 2012}) 6. e3 {D00: 1 d4 d5: Unusual lines} e6 7. Nd2 Nxe5 8. Bxe5 {The position is equal.} Bd6 9. Nf3 O-O 10. Bd3 Bg4 11. h3 Bxf3 12. Qxf3 Bxe5 13. dxe5 Nd7 14. Qg3 c5 15. O-O c4 16. Be2 Qc7 17. f4 f5 18. exf6 Rxf6 ({Black should play} 18... Nxf6 $15 19. Qe1 Rad8) 19. Bg4 Nc5 20. Qe1 a5 21. Bf3 Qb6 22. Rb1 {[#]} (22. Rf2 $1 $11) 22... Rxf4 $1 $17 {[%mdl 512]} 23. Kh1 (23. exf4 Nd3+) 23... Rf5 (23... Rf6 $17 24. e4 d4) 24. Qd2 (24. e4 $1 $15 dxe4 25. Be2) 24... Raf8 {White must now prevent ...Ne4.} 25. Qd4 (25. Rfe1 $17 {might work better.}) 25... Qd6 {Hoping for ...Ne4!} 26. Qc3 $2 (26. Rg1 {is a better chance.}) 26... Ne4 $19 {Black is clearly winning.} 27. Qe1 Ng3+ 28. Kg1 Nxf1 29. Qxf1 {[#]} Rxf3 $1 30. gxf3 (30. Qxf3 Rxf3) 30... Qg3+ 31. Kh1 Rxf3 {[%mdl 64] Double Attack} 32. Qg2 Qxh3+ 33. Qxh3 Rxh3+ {Accuracy: White = 27%, Black = 66%.} 0-1

[Event "Kupreichik Memorial Rapid 2019"]
[Site "Minsk"]
[Date "2019.08.15"]
[Round "1.11"]
[White "Balashov, Yuri S"]
[Black "Sadovnikov, Konstantin"]
[Result "1-0"]
[WhiteElo "2474"]
[BlackElo "1798"]
[Annotator "TA"]
[PlyCount "61"]
[EventDate "2019.08.15"]
[EventType "swiss"]
[EventCountry "BLR"]
[SourceTitle "playchess.com"]
[Source "ChessBase"]
[SourceQuality "1"]

{[%evp 9,61,73,76,79,75,78,75,73,73,65,79,70,62,64,72,72,74,61,84,83,84,64,89,79,89,73,152,74,82,65,83,72,71,77,77,87,216,214,248,260,242,259,320,309,291,315,303,307,6774,6714,29997,29998,29998,29999]} 1. Nf3 c5 2. c4 Nf6 3. Nc3 g6 4. d4 b6 5. d5 d6 6. e4 {A31: Symmetrical English: 2 Nf3 Nf6 3 d4} Bg7 7. h3 O-O 8. Bd3 {White is better.} e6 9. O-O (9. Be3 a6 10. Qd2 Ra7 11. O-O e5 12. b4 Ne8 13. Rfb1 Nd7 14. Qc2 h6 15. Na4 Rb7 16. Rb2 {½-½ (44) Pultinevicius,P (2485)-Kovalenko,I (2654) Riga 2019}) 9... exd5 10. exd5 a6 11. Bf4 Re8 12. Qd2 Qc7 $146 ({Predecessor:} 12... Ra7 13. Bh2 Bf8 14. a3 Nh5 15. Rfe1 Rxe1+ 16. Rxe1 Ng7 17. b4 {1-0 (32) Santos Latasa,J (2522)-Boj Marques,J (2003) Lorca 2015}) 13. Rfe1 {Strongly threatening Rxe8+.} Nbd7 14. Rxe8+ Nxe8 15. Re1 Nef6 16. Bg3 Bb7 17. Qf4 Bf8 (17... b5 $142) 18. Bh4 (18. Ng5 $142 $1) 18... Nh5 $16 19. Qe3 Ng7 20. g4 Re8 21. Qd2 Rxe1+ 22. Qxe1 h6 (22... Qb8 $16) 23. Qe3 $1 $18 {And now Bxg6 would win.} g5 24. Bxg5 $1 hxg5 25. Qxg5 $40 {[%mdl 128] Black is in trouble.} Ne5 26. Nxe5 dxe5 {[#]} 27. Ne4 $1 {[%cal Re4f6] Intending Nf6+ and mate.} Be7 {[#]} 28. Qh6 $1 Bd8 $2 (28... Qd8 29. d6 Bxe4 30. Bxe4 Bxd6 31. Qh7+ Kf8) 29. d6 Qd7 30. Nf6+ Bxf6 31. Qh7+ {Accuracy: White = 62%, Black = 48%.} 1-0